Пътувам и ям из Япония (Запис номер 516366)
[ съкратено ]
| 000 -Лидер | |
|---|---|
| Лидер | 01693nam a2200337 a 4500 |
| 003 - Код на организацията, давaща контролен номер | |
| Код на организацията, даваща контролен номер | BLK |
| 005 - Дата и час на последна редакция | |
| Дата и час на последна редакция | 20250719113102.0 |
| 007 - Фиксирано поле за физическо описани | |
| Физическо описание | ta |
| 008 - Елементи от данни с фиксирана дължина | |
| Елементи с фиксирана дължина | 221104b bu |||||r|||| 00| | bu d |
| 020 ## - Международен стандартен номер на книга ISBN | |
| ISBN | 9786192433154 |
| 040 ## - Източник на каталожния запис | |
| Код на библиотеката | BLK |
| 041 ## - Код за език | |
| Език | Български |
| Език за КДБФ | Български |
| 080 ## - УДК | |
| 9 (RLIN) | 236966 |
| УДК текст | Приготвяне на храна(общи въпроси). Рецепти. Готварски книги |
| УДК код | 641.55 |
| УДК – определител | (520)(035) |
| УДК – код + определител | 641.55(520)(035) |
| 080 ## - УДК | |
| 9 (RLIN) | 446937 |
| УДК текст | Ястия. Хранене |
| УДК код | 392.8 |
| УДК – определител | (520)(035) |
| УДК – код + определител | 392.8(520)(035) |
| 084 ## - Класификационен индекс по друга класификация | |
| Авторски знак | Хар - Х 26 |
| 100 ## - Редна дума - Автор | |
| R(LIN) | 494254 |
| Автор | Харди, Паула |
| 245 ## - Сведения за заглавието | |
| Заглавие | Пътувам и ям из Япония |
| Подзаглавни данни | Пълен наръчник за японската кухня и култура на хранене |
| Авторска отговорност | Паула Харди ; прев. Ивелина Минчева-Бобадова. |
| 260 ## - Област на издателските данни | |
| 9 (RLIN) | 209461 |
| Място на издаване | София |
| Име на издателя | Прозорец |
| Година на издаване | 2024 |
| Печатница | [Костинброд] : Мултипринт ООД |
| 300 ## - Физическа характеристика | |
| Брой страници | 224 с. |
| Илюстрации | с цв. сн. |
| Размер | 23 см |
| 380 ## - Жанр | |
| Жанр | Техника |
| 500 ## - Общи забележки | |
| Обща забележка | Ориг. загл.: Eat Japan. - Възприетата форма на името на авт. Паула Харди е Пола Харди |
| 650 #0 - Допълнително описание по предмет – тема | |
| 9 (RLIN) | 300665 |
| Предметна рубрика | Готварство - Япония - рецепти |
| 650 #0 - Допълнително описание по предмет – тема | |
| 9 (RLIN) | 290061 |
| Предметна рубрика | Кулинария - наръчници и ръководства |
| 650 #0 - Допълнително описание по предмет – тема | |
| 9 (RLIN) | 259293 |
| Предметна рубрика | Хранене - наръчници и ръководства |
| 651 #7 - Допълнително описание по предмет - топоним | |
| 9 (RLIN) | 179845 |
| Географско понятие | Япония |
| 700 ## - Други автори (авторска отговорност) | |
| Друг автор | Минчева-Бобадова, Ивелина Иванова |
| 9 (RLIN) | 489122 |
| 852 ## - Местоположение | |
| Сигнатура (форматна) | Цб 326709 |
| Отдел | Хранилище |
| 852 ## - Местоположение | |
| Отдел | Заемна - подръчен фонд |
| Систематично-азбучна сигнатура | 641/Х 26 П |
| 942 ## - АРТИКУЛИ | |
| Вид на библиотечния документ | Книги |
| Скрит в OPAC | Не |
| Koha issues (borrowed), all copies | 7 |
| 944 ## - СЪЗДАВАНЕ И РЕДАКЦИЯ на ЗАПИСА | |
| Дата на регистрацията/редакция | Кети Илиева |
| Служител, извършил регистрацията/редакцията | 30545 |
| Номер на служител | Нора Радева |
| 999 ## - СИСТЕМНИ КОНТРОЛНИ НОМЕРА | |
| Koha biblionumber | 516366 |
| Koha biblioitemnumber | 516366 |
| Код за отписване | Код за изгубен артикул | Източник на класификационната схема | Код за повреда | Код за отдаване | Артикулен № | Име на библиотеката - собственик | Име на библиотеката, в която се намира в момента | Статус (Текущо местоположение) | Дата на вписване в системата | Местоположение - отдел | Цена в лева | Инвентарен номер | Систематично азбучна сигнатура | Баркод | Цена в евро | Служебен тип на артикула | Коз за рестрикции |
|---|---|---|---|---|---|---|---|---|---|---|---|---|---|---|---|---|---|
| Не е изгубен | Universal Decimal Classification | Не е повреден | заемане за дома | 948021 | Регионална библиотека "Любен Каравелов" Русе | Регионална библиотека "Любен Каравелов" Русе | Заемна - подръчен фонд | 2024-09-04 | Заемна - подръчен фонд | 26.25 | 120000911516 | 641/Х 26 П | 120000911516 | 13.42 | Книги | ||
| Не е изгубен | Universal Decimal Classification | Не е повреден | ползва се в читалня | 971134 | Регионална библиотека "Любен Каравелов" Русе | Регионална библиотека "Любен Каравелов" Русе | Хранилище | 2025-05-21 | Хранилище | 35.00 | 120000919527 | Цб 326709 | 120000919527 | 17.90 | Книги | само за читалня |